000 00550nam a2200241Ia 4500
003 OSt
005 20221007095103.0
006 a|||||r|||| 00| 0
007 ta
008 221006b |||||||| |||| 00| 0 eng d
024 _a838
037 _cTextual
040 _aLCO
_cLCO
_beng
041 _2eng
_aeng
082 _aZ3,4, M3
100 _aFLEMING J.G
_9683217
245 0 _aLaw of Torts
260 _c1983
300 _a702
650 _aTORT
_9690780
942 _hZ3,4, M3
_cTEXL
999 _c1170401
_d1170401